Score 0/23 Timer 04:00
5 Plays Today
% Correct
Ottawa
86.9%
Canberra
86.5%
Wellington
83.8%
Brussels
81.1%
Tallinn
73.5%
Andorra la Vella
72.8%
Addis Ababa
72.1%
Ulaanbaatar
71.5%
Nassau
63.9%
Valletta
63.9%
Sana'a
62.5%
Amman
62%
% Correct
Vienna
61.6%
Accra
54.1%
Brazzaville
50.3%
Freetown
49.3%
Ramallah
47.8%
Bissau
47%
Sri Jayawardenepura Kotte
38.8%
Libreville
38%
Nouakchott
35%
Basseterre
33.9%
Yamoussoukro
33.7%
Remove Ads.
Support Sporcle.
Get the best of Sporcle when you Go Orange. This ad-free experience offers more features, more stats, and more fun while also helping to support Sporcle. Thank you for becoming a member.

You're not logged in!

Compare scores with friends on all Sporcle quizzes.
OR
Log In

Show Comments

Extras

Top Quizzes Today


Score Distribution

Your Account Isn't Verified!

In order to create a playlist on Sporcle, you need to verify the email address you used during registration. Go to your Sporcle Settings to finish the process.

Report this User

Report this user for behavior that violates our Community Guidelines.

Details: